Library Banner

The skillful teacher : On techniques, trust, and responsiven (Record no. 10782)

MARC details
000 -LEADER
fixed length control field 00434nam a2200169Ia 4500
001 - CONTROL NUMBER
control field 9693
008 - FIXED-LENGTH DATA ELEMENTS--GENERAL INFORMATION
fixed length control field 140327s9999 xx 000 0 und d
020 ## - INTERNATIONAL STANDARD BOOK NUMBER
International Standard Book Number 1-55542-267-5
040 ## - CATALOGING SOURCE
Transcribing agency PK-LaUMT
082 ## - DEWEY DECIMAL CLASSIFICATION NUMBER
Classification number 378.125
Item number BRO-S
100 ## - MAIN ENTRY--PERSONAL NAME
Personal name Brookfield, Stephen D.
245 ## - TITLE STATEMENT
Title The skillful teacher : On techniques, trust, and responsiven
Statement of responsibility, etc Brookfield, Stephen D.
260 ## - PUBLICATION, DISTRIBUTION, ETC. (IMPRINT)
Date of publication, distribution, etc 1990
300 ## - PHYSICAL DESCRIPTION
Extent 233 p.
546 ## - LANGUAGE NOTE
Language note EN
942 ## - ADDED ENTRY ELEMENTS (KOHA)
Koha item type Books
Holdings
Withdrawn status Lost status Damaged status Not for loan Home library Current library Date acquired Total Checkouts Full call number Barcode Checked out Date last seen Date checked out Price effective from Koha item type
        UMT Main Campus UMT Main Campus 2014-03-27 1 378.125 BRO-S 11186 2020-01-06 2019-12-23 2019-12-23 2014-03-27 Books